000 00533nam a22001697a 4500
999 _c11046
_d11046
003 OSt
005 20190220151234.0
008 181009b ||||| |||| 00| 0 eng d
022 _a2094-8042
082 _aDPer 370.105 M72 Jan-Dec 2011 v59-60
100 _932025
_aVillafuerte, Pat Villasan
245 _aIsang tula sa pagpuputong ng korona sa ina/
_cPat Villasan Villafuerte.
260 _aPhilippines:
_bIn the Grade School, Inc.,
_cc2011.
300 _av60 n7, page 306;
_c27cm.
650 0 _932026
_aPoetry.
942 _2ddc
_cPER